000 00777nam a2200217Ia 4500
003 GCL
008 140319s9999 xx 000 0 ara d
040 _aGCL /
_cGCL
082 0 4 _a398.09
_bع ت
100 1 _aعبدالعليم عبدالرحمن خضر
245 1 0 _aالتراث الثقافى للاجناس البشرية فى افريقيا بين الاصالة والتجدد /
_cعبدالعليم عبدالرحمن خضر
260 _a[S.N] :
_bدار البلاد ،
_c1985
300 _a225 ص
490 _aكتاب النادى الادبى الثقافى
_v0
650 0 4 _aالعادات والتقاليد
650 0 4 _aالفولكلور
650 0 4 _aافريقيا
650 0 4 _aالخرافات
650 0 4 _aالاساطير
942 _2ddc
_cBK
999 _c28470
_d28470